| 000 | 00503ntaaa2200193 4500 | ||
|---|---|---|---|
| 003 | 01 | ||
| 005 | 20251027201654.0 | ||
| 008 | 0714s1973 ag 01 | ||
| 040 |
_aAR-BaBN _bspa _cAR-BaBN _eaacr _dRIC |
||
| 082 | _a232.9040 Sk5 | ||
| 100 |
_aSkoglund, John E _91540 |
||
| 245 | _aCome and see | ||
| 250 | _a1 ed. | ||
| 260 |
_aValley Forge : _bJudson Press, _cc1956, 1963 |
||
| 300 | _a96 p | ||
| 500 | _aEstudio de la vida, la obra y la influencia de Jesucristo | ||
| 650 | _aJesucristo | ||
| 942 | _cBK | ||
| 999 |
_c11489 _d11489 |
||